<?xml version="1.0" encoding="UTF-8"?>
<collection xmlns:xsi="http://www.w3.org/2001/XMLSchema-instance" xsi:schemaLocation="http://www.loc.gov/MARC21/slim http://www.loc.gov/standards/marcxml/schema/MARC21slim.xsd" xmlns="http://www.loc.gov/MARC21/slim">
 <record>
  <leader>00000nam a2200000 i 4500</leader>
  <controlfield tag="001">UP-8027390931311960625</controlfield>
  <controlfield tag="003">Buklod</controlfield>
  <controlfield tag="005">20250527143226.0</controlfield>
  <controlfield tag="006">m    |o  d |      </controlfield>
  <controlfield tag="007">ta</controlfield>
  <controlfield tag="008">250527s2023||||ph      rb   f000 0|eng d</controlfield>
  <datafield tag="020" ind1=" " ind2=" ">
   <subfield code="a">9786210900040</subfield>
  </datafield>
  <datafield tag="035" ind1=" " ind2=" ">
   <subfield code="a">23247336</subfield>
  </datafield>
  <datafield tag="037" ind1=" " ind2=" ">
   <subfield code="a">BC-75780</subfield>
   <subfield code="b">Mind Mover Publishing House Inc.</subfield>
   <subfield code="c">Php848.00</subfield>
   <subfield code="n">Department of History and Philosophy</subfield>
  </datafield>
  <datafield tag="040" ind1=" " ind2=" ">
   <subfield code="a">DLC</subfield>
   <subfield code="d">BAG</subfield>
   <subfield code="e">rda</subfield>
  </datafield>
  <datafield tag="041" ind1="0" ind2=" ">
   <subfield code="a">eng</subfield>
  </datafield>
  <datafield tag="090" ind1=" " ind2="0">
   <subfield code="a">HD 30.28</subfield>
   <subfield code="b">A98 2023</subfield>
  </datafield>
  <datafield tag="100" ind1="1" ind2=" ">
   <subfield code="a">Azurin, René B.</subfield>
   <subfield code="e">author.</subfield>
  </datafield>
  <datafield tag="245" ind1="1" ind2="0">
   <subfield code="a">Expanding strategic perspective</subfield>
   <subfield code="b">revisiting lessons from history and the classics</subfield>
   <subfield code="c">René B. Azurin.</subfield>
  </datafield>
  <datafield tag="246" ind1="3" ind2="0">
   <subfield code="a">Revisiting lessons from history and the classics.</subfield>
  </datafield>
  <datafield tag="264" ind1=" " ind2="1">
   <subfield code="a">Diliman, Quezon City</subfield>
   <subfield code="b">The University of the Philippines Press</subfield>
   <subfield code="c">[2023]</subfield>
  </datafield>
  <datafield tag="300" ind1=" " ind2=" ">
   <subfield code="a">xiv, 259 pages</subfield>
   <subfield code="c">23 cm</subfield>
  </datafield>
  <datafield tag="336" ind1=" " ind2=" ">
   <subfield code="a">text</subfield>
   <subfield code="2">rdacontent</subfield>
  </datafield>
  <datafield tag="337" ind1=" " ind2=" ">
   <subfield code="a">unmediated</subfield>
   <subfield code="2">rdamedia</subfield>
  </datafield>
  <datafield tag="338" ind1=" " ind2=" ">
   <subfield code="a">volume</subfield>
   <subfield code="2">rdacarrier</subfield>
  </datafield>
  <datafield tag="504" ind1=" " ind2=" ">
   <subfield code="a">Includes bibliographical references (pages 251-258)</subfield>
  </datafield>
  <datafield tag="505" ind1="0" ind2=" ">
   <subfield code="a">“In this thoroughly fascinating book, Expanding Strategic Perspective: Revisiting Lessons from History and the Classics, my good friend Dr. René Azurin draws from cross-disciplinary sources in order to help leaders in business, politics, and other areas to ‘expand one’s consciousness and broaden one’s viewpoint.’ René revisits ideas and concepts on strategic thinking from history, politics, economics, military strategy, psychology, and philosophy. From Hannibal’s brilliance at the Battle of Cannae to understanding group behavior in Desmond Morris’s popular book The Naked Ape to developing economic insights from Thorstein Veblen’s classic The Theory of the Leisure Class, René successfully demonstrates the importance of going beyond ‘the narrow confines of the firm to the economy at large, society in general, and time beyond the present.’ . . . René Azurin, after all, is one of the few Filipino intellectuals who can provide an expansive overview of strategic thinking as applied to various aspects of life.”</subfield>
  </datafield>
  <datafield tag="505" ind1="0" ind2=" ">
   <subfield code="a">The origins of strategy -- How military strategy evolved -- How technology and economics change the art of war -- The organization of society and the evolution of government -- Lessons from the fall of emperors and kings -- The development of democratic government -- The nature and structure of political power -- On the character and motives of politicians -- The foundations of modern economics -- The impact of government's economic policies on public welfare -- On economic incentives and business regulation -- The structure of markets and its effect on competitive conduct -- The foundations of business strategy -- On human motivation and behavior -- On the centrality of purpose.</subfield>
  </datafield>
  <datafield tag="650" ind1=" " ind2="0">
   <subfield code="a">Strategic planning.</subfield>
  </datafield>
  <datafield tag="650" ind1=" " ind2="0">
   <subfield code="a">Business planning.</subfield>
  </datafield>
  <datafield tag="650" ind1=" " ind2="0">
   <subfield code="a">Organizational change.</subfield>
  </datafield>
  <datafield tag="905" ind1=" " ind2=" ">
   <subfield code="a">FI</subfield>
  </datafield>
  <datafield tag="852" ind1="0" ind2=" ">
   <subfield code="a">UPBAG</subfield>
   <subfield code="b">UPBAG-MAIN</subfield>
   <subfield code="h">HD 30.28</subfield>
   <subfield code="i">A98 2023</subfield>
  </datafield>
  <datafield tag="942" ind1=" " ind2=" ">
   <subfield code="a">Book</subfield>
  </datafield>
 </record>
</collection>
